Sitcom Husbands & Wives Quiz Stats

 Plays Quiz Updated Jul 13, 2018

Score 0/40 Timer 12:00
9 Plays Today
Actor & Actress Playing Husband & Wife TV Sitcom % Correct
Matthew Perry & Courteney CoxFriends
92.9%
Bill Cosby & Phylicia RashadThe Cosby Show/Cosby
92.1%
John Goodman & Roseanne BarrRoseanne
89.7%
Ray Romano & Patricia HeatonEverybody Loves Raymond
89.4%
Tim Allen & Patricia RichardsonHome Improvement
84%
Kelsey Grammer & Bebe NeuwirthCheers
79.9%
John Stamos & Lori LoughlinFull House
79.7%
Robert Reed & Florence HendersonThe Brady Bunch
79.4%
Charles Shaughnessy & Fran DrescherThe Nanny
78.5%
Dick Van Dyke & Mary Tyler MooreThe Dick Van Dyke Show
75.9%
Ed O'Neill & Katey SagalMarried . . . With Children
74.2%
Robin Williams & Pam DawberMork & Mindy
73.3%
Tom Bosley & Marion RossHappy Days
72.5%
Bob Newhart & Suzanne PleshetteThe Bob Newhart Show
72.5%
Dick York/Sargent & Elizabeth MontgomeryBewitched
72.2%
Harry Connick Jr. & Debra MessingWill & Grace
70.3%
Paul Reiser & Helen HuntMad About You
70.1%
Carroll O'Connor & Jean StapletonAll In The Family
69.3%
Jackie Gleason & Audrey MeadowsThe Honeymooners
66.8%
Ted Knight & Georgia EngelMary Tyler Moore
63.2%
Actor & Actress Playing Husband & Wife TV Sitcom % Correct
Michael Gross & Meredith BaxterFamily Ties
62.9%
Larry Hagman & Barbara EdenI Dream Of Jeannie
62%
Sherman Hemsley & Isabel SanfordThe Jeffersons
62%
Alan Thicke & Joanna KernsGrowing Pains
57.7%
William Frawley & Vivian VanceI Love Lucy
56.9%
Bryan Cranston & Jane KaczmarekMalcolm In The Middle
55.2%
Hugh Beaumont & Barbara BillingsleyLeave It To Beaver
54.2%
Thomas Gibson & Jenna ElfmanDharma & Greg
53.9%
Ben Savage & Danielle FishelBoy Meets World
52.9%
Fred Gwynne & Yvonne De CarloThe Munsters
50.2%
Gabe Kaplan & Marcia StrassmanWelcome Back, Kotter
50.2%
Norman Fell & Audra LindleyThree's Company or The Ropers
48.3%
Timothy Daly & Crystal BernardWings
48.1%
John Astin & Carolyn JonesThe Addams Family
45.3%
John Amos & Esther RolleGood Times
44.2%
Don Adams & Barbara FeldonGet Smart
44%
Reginald VelJohnson & JoMarie PaytonFamily Matters
43.3%
Jim Backus & Natalie SchaferGilligan's Island
41.6%
Bob Uecker & Ilene GraffMr. Belvedere
24.2%
Alan Reed & Jean Vander Pyl*The Flintstones
18.2%

You're not logged in!

Compare scores with friends on all Sporcle quizzes.
OR
Log In

Sporcle TV

Today on Sporcle TV


Watch our educational content, quiz creation guides, and fun videos on Sporcle TV.

Show Comments

Extras

Top Quizzes Today


Score Distribution

Your Account Isn't Verified!

In order to create a playlist on Sporcle, you need to verify the email address you used during registration. Go to your Sporcle Settings to finish the process.

Report this User

Report this user for behavior that violates our Community Guidelines.

Details: